|
|
|
|
| LEADER |
01656cas a2200241 a 4500 |
| 001 |
AALejournalIMF000397 |
| 008 |
230101c9999 xx r poo 0 0eng d |
| 020 |
|
|
|c 5.00 USD
|
| 020 |
|
|
|z 9781451955866
|
| 022 |
|
|
|a 1018-5941
|
| 040 |
|
|
|a BD-DhAAL
|c BD-DhAAL
|
| 100 |
1 |
|
|a Kaminsky, Graciela.
|
| 245 |
1 |
0 |
|a Leading Indicators of Currency Crises /
|c Graciela Kaminsky.
|
| 264 |
|
1 |
|a Washington, D.C. :
|b International Monetary Fund,
|c 1997.
|
| 300 |
|
|
|a 1 online resource (43 pages)
|
| 490 |
1 |
|
|a IMF Working Papers
|
| 500 |
|
|
|a <strong>Off-Campus Access:</strong> No User ID or Password Required
|
| 500 |
|
|
|a <strong>On-Campus Access:</strong> No User ID or Password Required
|
| 506 |
|
|
|a Electronic access restricted to authorized BRAC University faculty, staff and students
|
| 520 |
3 |
|
|a This paper examines the empirical evidence on currency crises and proposes a specific early warning system. This system involves monitoring the evolution of several indicators that tend to exhibit an unusual behavior in the periods preceding a crisis. When an indicator exceeds a certain threshold value, this is interpreted as a warning 'signal' that a currency crisis may take place within the following 24 months. The variables that have the best track record within this approach include exports, deviations of the real exchange rate from trend, the ratio of broad money to gross international reserves, output, and equity prices.
|
| 538 |
|
|
|a Mode of access: Internet
|
| 830 |
|
0 |
|a IMF Working Papers; Working Paper ;
|v No. 1997/079
|
| 856 |
4 |
0 |
|z Full text available on IMF
|u http://elibrary.imf.org/view/journals/001/1997/079/001.1997.issue-079-en.xml
|z IMF e-Library
|